01027 2200325 4500001002100000005001500021035002500036020002200061040001700083082001200100084001400112245015900126250001100285260003400296300004600330440005500376650001900431700002400450700001900474700002500493850001200518007000300530008004100533090001800574090002100592100002500613999002100638990002100659990002100680INLIS00000000001706820200611025552 a0010-021600000000156 a978-979-21-3673-9 aYOPDYOGbind 222a420 a420 CHR e aEnglish book series for elementary school students :brainbow 6 /cChristina Kristiyani, Lucia Rina Tri K. ; penyunting, Flora Maharani, C. Erni Setyowati aCet. 1 aYogyakarta :bKanisius,c2013 axii, 113 halaman :bilustrasi ;c24,5 cm. aEnglish book series for elementary school students 4aBahasa Inggris1 aPurnama Dian Sinaga1 aFlora Maharani1 aChristina Kristiyani aYOPDYOGta160203s2014 xx g  aDEP 420 CHR e aCB-D.11 2014-1301 aChristina Kristiyani aCB-D.11/2014-130 aCB-D.11/2014-130 aCB-D.11/2013-703